Искусство программирования. Т. 4, вып. 3: Генерация всех cочетаний и разбиений (Запись № 1543827)

Подробности
000 -МАРКЕР
контрольное поле 01029nam2a2200265 4500
001 - ИДЕНТИФИКАТОР ЗАПИСИ
контрольное поле RU\NLR\bibl\1175404
005 - ИДЕНТИФИКАТОР ВЕРСИИ
контрольное поле 20250615090538.0
010 ## - МЕЖДУНАРОДНЫЙ СТАНДАРТНЫЙ НОМЕР КНИГИ (ISBN)
Номер (ISBN) 978-5-8459-1132-2
Тираж 3000
021 ## - НОМЕР ГОСУДАРСТВЕННОЙ РЕГИСТРАЦИИ
Код страны Российская Федерация
Номер 2008-38453
Номер Листа государственной регистраци 2120
035 ## - ДРУГИЕ СИСТЕМНЫЕ НОМЕРА
Идентификатор записи (NLR Aleph) 001162063
100 ## - ДАННЫЕ ОБЩЕЙ ОБРАБОТКИ
Данные общей обработки 20080114d2007 |||y0rusy50 ca
101 1# - ЯЗЫК РЕСУРСА
Язык текста, звукозаписи и т.д. русский
Язык оригинала английский
102 ## - СТРАНА ПУБЛИКАЦИИ ИЛИ ПРОИЗВОДСТВА
Страна публикации Российская Федерация
105 ## - ПОЛЕ КОДИРОВАННЫХ ДАННЫХ: ТЕКСТОВЫЕ МАТЕРИАЛЫ, МОНОГРАФИЧЕСКИЕ
Кодированные данные о монографическом текстовом документе a |||||||||
200 1# - ЗАГЛАВИЕ И СВЕДЕНИЯ ОБ ОТВЕТСТВЕННОСТИ
Основное заглавие Генерация всех cочетаний и разбиений
Первые сведения об ответственности [пер. И.В. Красикова]
210 ## - ПУБЛИКАЦИЯ, РАСПРОСТРАНЕНИЕ И ДР.
Дата издания, распространения и т.д. 2007
Место издания, распространения и т.д. Б. м.
215 ## - ФИЗИЧЕСКАЯ ХАРАКТЕРИСТИКА
Специфическое обозначение материала и объем 199 с.
Другие сведения о физической характеристике ил.
320 ## - ПРИМЕЧАНИЯ О НАЛИЧИИ В ДОКУМЕНТЕ БИБЛИОГРАФИИ / УКАЗАТЕЛЯ
Текст примечания Предм. указ.: с. 189-199
461 #0 - УРОВЕНЬ НАБОРА
Встроенное поле 001RU\NLR\bibl\1170081
-- 2001#$aИскусство программирования$vТ. 4, вып. 3
Системный номер (АБИС) связанной записи 1512122
Автор Кнут, Д. Э.
Место публикации Москва [и др.]
Дата публикации 2007
Первые сведения об ответственности Дональд Э. Кнут
Имя издателя, распространителя и т.д. Вильямс
Заглавие Искусство программирования
Номер тома Т. 4, вып. 3
801 #0 - ИСТОЧНИК ЗАПИСИ
Страна Российская Федерация
Организация NLR
Дата составления 20080114
Правила каталогизации RCR
801 #1 - ИСТОЧНИК ЗАПИСИ
Страна Российская Федерация
Организация NLR
Дата составления 20080114
942 ## - ДОПОЛНИТЕЛЬНЫЕ ЭЛЕМЕНТЫ ЗАПИСИ (АБИС)
Тип экземпляра АБИС Книга
980 ## - КОЛЛЕКЦИЯ
Название коллекции Национальная библиография
Экземпляры
Тип экземпляра Дата поступления Источник поступления Стоимость Библиотека постоянного хранения Библиотека текущего хранения Место хранения Шифр хранения Штрих-код Статус экземпляра
Книга 14.01.2008 Покупка 167.00 РНБ (Московский) РНБ (Московский) Русский книжный фонд: издания с 1957 года 2007-7/5535 2584112  
Книга 14.01.2008 Обязательный экземпляр   РНБ (Московский) РНБ (Московский) Фонд общего зала литературы по технике Т1 З973.2-018/К-537 1-414355  
Книга 10.07.2008 Обязательный экземпляр   РНБ (Московский) РНБ (Московский) Русский книжный фонд: издания с 1957 года 2007-7/5535 2714100  
Книга 14.01.2008 Покупка 167.00 РНБ (Садовая) РНБ (Садовая) Универсальный читальный зал У З973.2-018/К-537 1-243125